000 00698nam a2200229 a 4500
001 000023583
005 20200930022327.0
008 101214s1984 sp r 000 0 spa d
020 _a8486162351
040 _aDO-SdBNP
_bspa
_cBNPHU
082 _a873.1
_bM354en
100 1 _aMarón, Publio Virgilio,
_d70 a. C. - 19 a. C.
_927714
245 1 3 _aLa eneida /
_cVirgilio.
260 _aBarcelona :
_bAntalbe,
_c1984.
300 _a279 p. ;
_c18 cm.
490 1 _aClásicos el toboso
500 _aIncluye notas al pie de las páginas.
650 4 _aPoesía épica latina
_927715
650 4 _aLiteratura italiana
_yANTERIOR A 1400
_913826
830 0 _aClásicos el toboso
_948611
049 _aBNGR
999 _c23079
_d23079